|
|
|
|
| LEADER |
00000nam0a2200000 4500 |
| 001 |
22596 |
| 005 |
20231030194800.0 |
| 010 |
|
|
|a 5288015589
|
| 035 |
|
|
|a (RuTPU)RU\TPU\book\22809
|
| 035 |
|
|
|a BOOK00000573
|
| 090 |
|
|
|a 22596
|
| 100 |
|
|
|a 20011209d1996 k y0rusy50 ca
|
| 101 |
0 |
|
|a rus
|
| 102 |
|
|
|a RU
|
| 105 |
|
|
|a y z 000zy
|
| 200 |
1 |
|
|a Эколого-генетические исследования почв в гумидных ландшафтах
|e Труды биологического НИИ
|h Вып. 45
|f Санкт-Петербургский государственный университет. Биологический НИИ; под ред. Н. Н. Матинян
|
| 210 |
|
|
|a СПб.
|c Изд-во СПбГУ
|d 1996
|
| 215 |
|
|
|a 188 с.
|
| 610 |
1 |
|
|a почва
|
| 610 |
1 |
|
|a почвоведение
|
| 610 |
1 |
|
|a генезис
|
| 610 |
1 |
|
|a экология
|
| 610 |
1 |
|
|a исследования
|
| 610 |
1 |
|
|a гумидные ландшафты
|
| 610 |
1 |
|
|a ландшафты
|
| 675 |
|
|
|a 631.4
|v 3
|
| 702 |
|
1 |
|a Матинян
|b Н. Н.
|4 340
|
| 712 |
0 |
2 |
|a Санкт-Петербургский государственный университет
|b Биологический НИИ
|2 stltpush
|3 (RuTPU)RU\TPU\col\62
|
| 801 |
|
0 |
|a RU
|b 63413507
|c 20011209
|g PSBO
|
| 801 |
|
2 |
|a RU
|b 63413507
|c 20150122
|g PSBO
|
| 942 |
|
|
|c BK
|